01637cam a2200373 a 4500001001400000003000800014005001700022006001900039007001500058008004100073020003800114040003000152049002600182050002100208082001400229245006600243260002700309300004400336490004300380505019900423520024200622521001700864588004700881504004100928650002800969655002900997700002101026710001601047776003501063830004401098856008601142942001601228999001901244EDZ0000116367StDuBDS20161031105125.0m||||||||d||||||||cr |||||||||||130111s2006 enkab fo| 000|0|eng d a9781446261521 (ebook) :cNo price aStDuBDSbengcStDuBDSepn aAlfaisal Main Library 0aGE40b.E547 200604a333.722300aEnvironmenth[electronic resource] /cedited by Jules Pretty. aLondon :bSAGE,c2006. a1 online resource (4 v.) :bill., maps.1 aKey issues for the 21st century series0 av. 1. Thinking and knowing about the environment and nature -- v. 2. Managing the environment -- v. 3. Valuing the environment -- v. 4. Institutions, processes, and policies for the environment.8 aThis four-volume set explores the locations where the environment matters most - such as where people are poor, where environments are under threat, where there are few natural resources remaining, and where industrialization is rampant. aSpecialized. aDescription based on print version record. aIncludes bibliographical references. 0aEnvironmental sciences. 7aElectronic books.2local1 aPretty, Jules N.2 aSage eBooks08iPrint version :z9781412918428 0aKey issues for the 21st century series.40uhttp://ezproxy.alfaisal.edu/login?url=http://sk.sagepub.com/navigator/environment 2lcccEBOOKS c479792d479792